Kekra - Vréel 3 - Statistiques

Statistiques générales
  • Ce quiz a été pris 6 fois
  • Le résultat moyen est 14 sur 18
Statistiques - réponses
Track Titre % Correct
13 Capuché
100%
1 Charbonne
100%
3 Intermission
83%
9 Pas Millionné
83%
4 Poches Pleines
83%
2 Pull Up
83%
18 Sans Permis
83%
5 Tout seul
83%
15 Distances
67%
17 Eaux Troubles
67%
11 Envoie La Monnaie
67%
8 Gros
67%
14 Irie
67%
10 Lexro
67%
12 Proprement Dit
67%
7 Rap de Zulu
67%
16 Tiekson
67%
6 TLB
67%
Aucun quiz correspondant
Distribution des résultats
% des personnes avec chaque résultat
Percentile par nombre de réponses
Votre historique - résultats
Vous n’avez pas pris ce quiz